00601nam a2200193Ii 450000100060000000300090000600800410001502000180005604000330007404100080010708200170011510000240013224500540015626401040021030000120031433600260032633700280035233800270038016399CO-ViMGA241108s9999||||xx |||||||||||||| ||und|| a9789588596464 aCO-ViMGAbspaerdacCO-ViMGA0 aunk04aCo861.5 A12n1 aJuan Carlos Acevedo10aNoticias del tercer mundo :bantología personal 1a[Lugar de publicación no identificado] : Caza de Libros, [Fecha de publicación no identificada] avolumen atextbtxt2rdacontent aunmediatedbn2rdamedia avolumebnc2rdacarrier